000 00924nas a2200289 4500
001 BR2018000940
003 BR-BrBNA
005 20231205131322.0
007 ta
008 230509b bl.|||p| |||| 00| 00por d
040 _aBR-BrBNA
_bpor
_cBiblioteca Nacional de Agricultura
041 _a(Pt)
072 _aQ03
100 1 _aFigueiredo Filho, L.A.S.
100 1 _aCastro, S.S.V.
100 1 _aCalvet, R.M.
245 1 _aAspectos higienicossanitários dos boxes de comercialização de pescado no mercado municipal José Emídio em Timon, MA
650 _aPEIXE
650 _aCONTAMINAÇÃO
650 _aANÁLISE MICROBIOLÓGICA
650 _aHIGIENE DE ALIMENTO
650 _aLEGISLAÇÃO
650 _aSAÚDE PÚBLICA
773 0 _tHigiene Alimentar (Brazil)
_xISSN 0101-9171
_g(Mar-Apr 2018), v. 32(278-279) p. 63-67
_wBR2018000940
909 _a202311
_bLúcia
_c55
_dLúcia Elande
942 _2AGRIS
_n0
_cANA
999 _c254161
_d254161